Statistics for Avenged Sevenfold Discography

Click here to take the quiz!

General Stats

  • This quiz has been taken 19 times
  • The average score is 72 of 103

Answer Stats

AlbumSong% Correct
Avenged Sevenfold | Diamonds in the Rough *Afterlife
100%
NightmareNightmare
100%
NightmareWelcome to the Family
100%
Avenged SevenfoldDear God
91%
NightmareSo Far Away
91%
Avenged SevenfoldScream
91%
Waking the FallenI Won't See You Tonight (Part 2)
91%
Waking the FallenI Won't See You Tonight (Part 1)
91%
Avenged SevenfoldA Little Piece of Heaven
91%
Waking the FallenUnholy Confessions
91%
Hail to the KingHail to the King
91%
City of EvilBat Country
91%
The StageThe Stage
91%
Hail to the KingPlanets
82%
City of EvilBetrayed
82%
City of EvilM.I.A
82%
Avenged SevenfoldCritical Acclaim
82%
Avenged Sevenfold | Diamonds in the Rough *Almost Easy
82%
The StageRoman Sky
82%
NightmareSave Me
82%
Hail to the KingComing Home
82%
NightmareFiction
82%
The Stage *Wish You Were Here
82%
Hail to the KingThis Means War
82%
NightmareDanger Line
82%
City of EvilSeize the Day
82%
NightmareBuried Alive
82%
Hail to the KingShepherd of Fire
82%
Hail to the KingCrimson Day
82%
The StageExist
82%
Black Reign EPCarry On
82%
Waking the FallenSecond Heartbeat
82%
City of EvilBlinded in Chains
82%
Sounding the Seventh TrumpetWarmness on the Soul
82%
City of EvilBeast and the Harlot
82%
City of EvilTrashed and Scattered
73%
NightmareNatural Born Killer
73%
City of EvilSidewinder
73%
NightmareVictim
73%
Sounding the Seventh TrumpetStreets
73%
Black Reign EPNot Ready to Die
73%
Hail to the KingDoing Time
73%
Waking the FallenChapter Four
73%
Hail to the KingRequiem
73%
Hail to the KingHeretic
73%
Hail to the KingAcid Rain
73%
Waking the FallenWaking the Fallen
73%
Black Reign EPMad Hatter
73%
Diamonds in the Rough *Crossroads
73%
Avenged SevenfoldBrompton Cocktail
73%
City of EvilThe Wicked End
73%
Waking the FallenAnd All Things Will End
73%
Avenged SevenfoldUnbound (The Wild Ride)
73%
Avenged SevenfoldGunslinger
73%
Sounding the Seventh TrumpetWe Come Out at Night
64%
Diamonds in the Rough *Walk
64%
City of EvilStrength of the World
64%
City of EvilBurn It Down
64%
The StageGod Damn
64%
Sounding the Seventh TrumpetForgotten Faces
64%
Welcome to the Family EP4:00 AM
64%
The StageAngels
64%
Hail to the King *St. James
64%
The Stage *Malagueña Salerosa
64%
NightmareTonight the World Dies
64%
The StageHigher
64%
NightmareGod Hates Us
64%
Avenged SevenfoldLost
64%
Sounding the Seventh TrumpetDarkness Surrounding
64%
The Stage *God Only Knows
64%
Waking the FallenRemenissions
64%
The StageCreating God
55%
The StageSunny Disposition
55%
The StageParadigm
55%
The StageFermi Paradox
55%
Sounding the Seventh TrumpetThe Art of Subconscious Illusion
55%
Diamonds in the Rough *Dancing Dead
55%
The Stage *As Tears Go By
55%
Waking the FallenEternal Rest
55%
Sounding the Seventh TrumpetLips of Deceit
55%
Waking the FallenDesecrate Through Reverence
55%
Waking the FallenClairvoyant Disease
55%
Waking the FallenRadiant Eclipse
55%
Diamonds in the Rough *Flash of the Blade
55%
Sounding the Seventh TrumpetThick and Thin
55%
Diamonds in the Rough *The Fight
55%
The Stage *Dose
55%
Diamonds in the Rough *Girl I Know
55%
Sounding the Seventh TrumpetTo End the Rapture
55%
The Stage *Runaway
45%
Diamonds in the Rough *Until the End
45%
Diamonds in the Rough *Tension
45%
Sounding the Seventh TrumpetTurn the Other Way
45%
Diamonds in the Rough *Demons
45%
Sounding the Seventh TrumpetShattered by Broken Dreams
45%
Sounding the Seventh TrumpetBreaking Their Hold
45%
Sounding the Seventh TrumpetAn Epic of Time Wasted
45%
Black Reign EPJade Helm
45%
The Stage *Retrovertigo
36%
The StageSimulation
36%
Nightmare *Lost It All
36%

Score Distribution

Percentile by Number Answered

Percent of People with Each Score

Your Score History

You have not taken this quiz